| 000 | 01981cam a22004454i 4500 | ||
|---|---|---|---|
| 003 | PE-LiUPU | ||
| 005 | 20251022113931.0 | ||
| 008 | 150623s r 000 0 d | ||
| 035 | _a(Sirsi) a29017 | ||
| 040 |
_aPE-LiUPU _bspa _cPE-LiUPU _erda |
||
| 082 | 0 | 4 |
_a268.732 _bY78m _223 |
| 100 | 1 |
_aYoungberg, Juan B., _eautor. |
|
| 245 | 1 | 0 |
_aManual de los Conquistadores / _cJuan B. Youngberg. |
| 264 | 1 |
_a[Buenos Aires] : _bAsociación Casa Editora Sudamericana, _c[196_] |
|
| 300 |
_a86 páginas ; _c17 cm |
||
| 336 |
_atext _2rdacontent |
||
| 337 |
_aunmediated _2rdamedia |
||
| 338 |
_avolume _2rdacarrier |
||
| 505 | _aEstructura general de los conquistadores -- El programa semanal y el anual -- Actividades manuales -- Impulsando las unidades -- Uniformes, insignias, banderas y banderines -- Iniciación del club -- La conservación del interés -- Como cosechar los resultados. | ||
| 520 | _aManual oficial del Club de Conquistadores de la Iglesia Adventista del Séptimo Día. Presenta las normas de organización, programas anuales y semanales, uniformes, insignias, actividades y métodos para el desarrollo espiritual y social de los jóvenes adventistas. | ||
| 526 | _aSEG42 | ||
| 526 | _aSEG41 | ||
| 526 | _aSEG40 | ||
| 526 | _aSEG39 | ||
| 526 | _aP94 | ||
| 526 | _aP87 | ||
| 526 | _aP86 | ||
| 526 | _aP85 | ||
| 526 | _aP77 | ||
| 526 | _aP76 | ||
| 526 | _aP35 | ||
| 610 | 1 | 4 |
_aIglesia Adventista del Séptimo Día _xEducación religiosa _vManuales. _97375 |
| 610 | 2 | 4 |
_aClub de Conquistadores (Iglesia Adventista del Séptimo Día) _vManuales. _97376 |
| 650 | 2 | 4 |
_aJóvenes adventistas _xFormación religiosa. _97377 |
| 650 | 2 | 4 |
_aEducación cristiana _xActividades para jóvenes. _97378 |
| 942 |
_2ddc _cBK |
||
| 949 |
_a267.1 Y78 _wDEWEY _c1 _i38444 _lCCODEBUL1 _mBUL _p00.00 _r0 _sY _tBOOK _u2015-06-24 _xBIBLIOTECA _zUNKNOWN _0COMPRA _o.STAFF. Colección Teología |
||
| 980 |
_818226 _gJaime Vilcazán Jefe de Análisis Documental |
||
| 999 |
_c36329 _d36329 |
||